Z výskumu nádrže Kráľová nad Váhom

Podrobná bibliografia
Hlavní autori: Kovrižnych, Jevgenij (Autor), Holčík, Juraj, 1934-2010 (Autor), Krupka, Ivan (Autor)
Médium: Článok
Jazyk:slovenčina
Predmet:

MARC

LEADER 00000nab a2200000 a 4500
001 vtls000252327
003 SK-MaSNL
005 20260304072342.0
008 250423c1986 xo 0 slo
015 |a SNBRB19rr/mm-uuuuu 
035 |a CL0262441 
035 |a urn:nbn:sk:snk-abelo5 
035 |a (urnnbn)urn:nbn:sk:snk:ar-006xwo 
035 |a (uuid)8917793f-3b72-4ec3-9651-ed5f3859af79 
040 |a SNKBUCL  |b slo  |c SNKBUCL  |e AACR2 
041 0 |a slo 
044 |a xo  |c SK 
080 |a 639.2:597.08  |2 1981 
080 |a 597.08  |2 1981 
100 1 |a Kovrižnych, Jevgenij  |4 aut  |9 1163532 
245 1 0 |a Z výskumu nádrže Kráľová nad Váhom  |c Jevgenij Kovrižnych, Juraj Holčík, Ivan Krupka 
650 0 7 |a hospodárstvo rybné  |2 snkbucl  |9 1000921 
650 0 7 |a vodné nádrže  |2 snkbucl  |9 4190 
651 7 |a Kráľová nad Váhom (Slovensko)  |2 snkbucl  |9 82243 
655 7 |a články z novín a časopisov  |2 snkbucl  |9 267496 
700 1 |a Holčík, Juraj,  |d 1934-2010  |4 aut  |9 27934 
700 1 |a Krupka, Ivan  |4 aut  |9 712607 
773 0 |t Poľovníctvo a rybárstvo  |g Roč. 38, č. 7 (1986), s. 29 
850 |a Slovenská národná knižnica 
852 |a Slovenská národná knižnica 
957 |a 5203 
958 |a article27 
958 |a OND 
958 |a RK 
992 |a RBX 
999 |c 2766079  |d 2768009